000 01201nam a2200265Ia 4500
003 OSt
005 20210603104931.0
008 210310s1947 mx gr 001 0 spa d
040 _aCO-JMCR
_cCO-JMCR
041 1 _aspa
_hger
082 0 4 _a332.82 /
_bB676c
_223
100 1 _aBohm-Bawerk, Eugen Von,
_915792
_eautor
245 1 0 _aCapital e interés :
_bhistoria y crítica de las teorías sobre el interés /
_cEugen Von Bohm-Bawerk ; versión directa por Carlos Silva
250 _aPrimera edición
260 _aMéxico :
_bFondo de Cultura Económica,
_c1947
300 _a629 páginas ;
_c23 cm.
490 0 _aSección de obras de economía. Las obras maestras.
500 _aIncluye notas a pie de página e índice de autores.
505 0 _aLa trayectoria del problema -- Las teorías de la productividad -- Las teorías del uso -- La teoría de la abstinencia -- Las teorías del trabajo -- John Rae -- Teorías de la explotación -- Otros sistemas -- Las doctrinas sobre el interés en la literatura actual
546 _aTraducido del alemán.
650 1 4 _aCapitalismo
_915794
650 2 4 _aInterés y usura
_938065
700 1 _aSilva, Carlos,
_etraductor
_938066
942 _2ddc
_cBK
999 _c7909
_d7909